000 00525ntaaa2200205 4500
003 01
005 20251027201804.0
008 0714s1973 ag 01
020 _a8430105522
040 _aAR-BaBN
_bspa
_cAR-BaBN
_eaacr
_dRIC
082 _a241.6600 G55e
100 _aGoffi, Tullo
_914005
245 _aEtica sexual cristiana
250 _a1 ed.
260 _aSalamanca :
_bSígueme,
_c1974
300 _a127 p ;
_c19 cm
500 _aContiene notas y referencias bibliográficas
650 _aética sexual
942 _cBK
999 _c12518
_d12518